[Event "Santa Clara Presidents Day GM"]
[Site "Santa Clara"]
[Date "2024.02.17"]
[Round "4"]
[White "Stearman, Josiah P"]
[Black "Budisavljevic, Luka"]
[Result "1/2-1/2"]
[WhiteElo "2455"]
[BlackElo "2475"]
[PlyCount "42"]
[EventDate "2024.02.13"]
[EventType "tourn"]
[EventRounds "9"]
[EventCountry "USA"]
[SourceTitle "CB08_2024"]
[SourceDate "2024.02.21"]
[SourceVersion "1"]
[SourceVersionDate "2024.02.21"]
[SourceQuality "1"]

1. c4 c6 2. d4 d5 3. cxd5 cxd5 4. Nf3 Nc6 5. Nc3 Nf6 6. Bf4 Bf5 7. e3 e6 8. Bd3 Bxd3 9. Qxd3 Bd6 10. Bxd6 Qxd6 11. 0-0 0-0 12. a3 a6 13. Rfc1 Rac8 14. h3 h6 15. Nd2 Ne7 16. Ne2 Rxc1+ 17. Rxc1 Rc8 18. Rxc8+ Nxc8 19. Qc2 Ne7 20. Nf4 Qc6 21. Qxc6 Nxc6 1/2-1/2

[Event "Chessable Masters Play In"]
[Site "Chess.com INT"]
[Date "2024.01.31"]
[Round "7"]
[White "Mendonca, Leon Luke"]
[Black "Budisavljevic, Luka"]
[Result "1-0"]
[WhiteElo "2608"]
[BlackElo "2475"]
[PlyCount "77"]
[EventDate "2024.01.31"]
[EventType "swiss (rapid)"]
[EventRounds "9"]
[EventCountry "USA"]
[SourceTitle "CB06_2024"]
[SourceDate "2024.02.07"]
[SourceVersion "1"]
[SourceVersionDate "2024.02.07"]
[SourceQuality "1"]

1. Nf3 e6 2. c4 Nf6 3. b3 d5 4. Bb2 c5 5. cxd5 exd5 6. g3 Nc6 7. Bg2 d4 8. 0-0 Be7 9. Na3 0-0 10. e3 Bf5 11. exd4 cxd4 12. Nc4 Rc8 13. Re1 Re8 14. Nfe5 Nb4 15. Bxb7 Rc7 16. Bg2 Nc2 17. Nc6 Qd7 18. Nxe7+ Rxe7 19. Rxe7 Qxe7 20. Rc1 d3 21. Qf3 Qe6 22. Qf4 Re7 23. Ne3 Bg6 24. Qb8+ Ne8 25. Nd5 Rd7 26. Bh3 f5 27. Nf4 Qe7 28. Bf1 Qe4 29. Nxd3 Rxd3 30. Rxc2 Rd7 31. d3 Qb7 32. Qxb7 Rxb7 33. Be5 Kf7 34. d4 Ke7 35. Rc6 Bf7 36. Bc4 Bxc4 37. bxc4 Rb2 38. Ra6 Rb7 39. c5 1-0

[Event "Carlos Torre Memorial op 33rd"]
[Site "Merida"]
[Date "2023.12.18"]
[Round "8"]
[White "Albornoz Cabrera, Carlos Daniel"]
[Black "Budisavljevic, Luka"]
[Result "1-0"]
[WhiteElo "2599"]
[BlackElo "2476"]
[PlyCount "63"]
[EventDate "2023.12.15"]
[EventType "swiss"]
[EventRounds "9"]
[EventCountry "MEX"]
[SourceTitle "CB52_2023"]
[SourceDate "2023.12.27"]
[SourceVersion "1"]
[SourceVersionDate "2023.12.27"]
[SourceQuality "1"]

1. e4 e6 2. d4 d5 3. Nd2 c5 4. Ngf3 cxd4 5. exd5 Qxd5 6. Bc4 Qd6 7. Ne4 Qb4+ 8. Nfd2 Nf6 9. c3 dxc3 10. bxc3 Qa5 11. Nxf6+ gxf6 12. Rb1 Qe5+ 13. Be2 Be7 14. 0-0 Qc7 15. Ne4 Bd7 16. Qd4 e5 17. Qd3 Rg8 18. Bh5 f5 19. Qd5 Rg7 20. Rxb7 Bc6 21. Rxc7 Bxd5 22. Ng3 Nd7 23. Rd1 Be6 24. Bf3 e4 25. Be2 a6 26. Nh5 Rg8 27. Nf4 Ne5 28. Nxe6 fxe6 29. Bh5+ Ng6 30. Rdd7 Bd8 31. Rb7 Ba5 32. Bg5 1-0

[Event "Carlos Torre Memorial op 33rd"]
[Site "Merida"]
[Date "2023.12.16"]
[Round "3"]
[White "Budisavljevic, Luka"]
[Black "Ostrovskiy, Aleksandr A"]
[Result "1/2-1/2"]
[WhiteElo "2476"]
[BlackElo "2389"]
[PlyCount "132"]
[EventDate "2023.12.15"]
[EventType "swiss"]
[EventRounds "9"]
[EventCountry "MEX"]
[SourceTitle "CB52_2023"]
[SourceDate "2023.12.27"]
[SourceVersion "1"]
[SourceVersionDate "2023.12.27"]
[SourceQuality "1"]

1. d4 Nf6 2. c4 e6 3. Nf3 d5 4. Nc3 a6 5. cxd5 exd5 6. Bg5 Be6 7. e3 Nbd7 8. h3 Bd6 9. Bd3 c6 10. Qd2 Qc7 11. Bf4 0-0 12. 0-0 Rfe8 13. Rfc1 Nh5 14. Bxd6 Qxd6 15. b4 b5 16. Rab1 Nhf6 17. Qc2 h6 18. Ne2 Rac8 19. Nf4 Ne4 20. Nd2 Nxd2 21. Qxd2 Nb6 22. Bc2 Bd7 23. Qc3 Nc4 24. a4 Qf6 25. Ra1 Bf5 26. axb5 axb5 27. Ra6 Bxc2 28. Rxc2 Rcd8 29. Rca2 g6 30. Nd3 Rd6 31. Nc5 Kg7 32. Ra7 Qf5 33. Qd3 Qg5 34. Ra8 Rxa8 35. Rxa8 Qe7 36. Qd1 h5 37. Qa1 Qg5 38. e4 Rf6 39. Qe1 Nd2 40. Kh1 Nxe4 41. Nxe4 dxe4 42. Re8 Qf5 43. Kg1 Re6 44. Rd8 e3 45. fxe3 Qg5 46. d5 cxd5 47. Qc3+ Qe5 48. Qd4 Qxd4 49. exd4 Re1+ 50. Kf2 Rb1 51. Rxd5 Rxb4 52. h4 Kf6 53. Ke3 Rb2 54. g3 Rb3+ 55. Kf4 Rb1 56. Rd6+ Ke7 57. Rb6 b4 58. Ke5 b3 59. Rb7+ Kf8 60. d5 b2 61. Kd6 Kg7 62. Rb4 Kh6 63. Rb6 Kg7 64. Rb4 Kg8 65. Rb8+ Kh7 66. Rb7 Kg7 1/2-1/2

[Event "Titled Tuesday intern op 14th Nov Early"]
[Site "Chess.com INT"]
[Date "2023.11.14"]
[Round "2"]
[White "Budisavljevic, Luka"]
[Black "Manukyan, Sargis V"]
[Result "1-0"]
[WhiteElo "2515"]
[BlackElo "2253"]
[PlyCount "127"]
[EventDate "2023.11.14"]
[EventType "swiss (blitz)"]
[EventRounds "11"]
[EventCountry "USA"]
[SourceTitle "CB47_2023"]
[SourceDate "2023.11.22"]
[SourceVersion "1"]
[SourceVersionDate "2023.11.22"]
[SourceQuality "1"]

1. d4 Nf6 2. Bf4 c5 3. e3 g6 4. d5 Bg7 5. Nc3 d6 6. e4 0-0 7. Nf3 Bg4 8. h3 Bxf3 9. Qxf3 Na6 10. Be2 Nc7 11. a4 Rb8 12. Qg3 Nd7 13. h4 a6 14. h5 b5 15. hxg6 fxg6 16. axb5 Nxb5 17. Nxb5 axb5 18. Bg4 Nf6 19. Be6+ Rf7 20. Ke2 Nxe4 21. Qh3 Nf6 22. Bh6 Qf8 23. Ra7 Bxh6 24. Qxh6 Qxh6 25. Bxf7+ Kg7 26. Rxh6 Kxh6 27. Rxe7 Ra8 28. Rb7 b4 29. Rb6 Rd8 30. f4 Kg7 31. Be6 Ne4 32. Kd3 Ng3 33. Rb7+ Kh6 34. Kc4 Ne2 35. f5 gxf5 36. Bxf5 Kg5 37. Bd3 Nf4 38. Rxh7 Kf6 39. g3 Nxd3 40. cxd3 Kf5 41. Rh6 Kg4 42. Rg6+ Kf5 43. Re6 Kg4 44. Re3 Rb8 45. Re6 Rb6 46. Rg6+ Kf3 47. g4 Ke3 48. b3 Ra6 49. g5 Ra1 50. Re6+ Kd2 51. g6 Rc1+ 52. Kb5 Rg1 53. Rxd6 Kxd3 54. Kxc5 Kc3 55. Rb6 Kxb3 56. Rxb4+ Kc3 57. Rb6 Kd3 58. Re6 Rg5 59. Kc6 Kc3 60. d6 Kc4 61. d7 Kb4 62. d8Q Rc5+ 63. Kd7 Rd5+ 64. Rd6 1-0

[Event "Titled Tuesday intern op 14th Nov Early"]
[Site "Chess.com INT"]
[Date "2023.11.14"]
[Round "5"]
[White "Toktomushev, Teimur"]
[Black "Budisavljevic, Luka"]
[Result "0-1"]
[WhiteElo "2249"]
[BlackElo "2515"]
[PlyCount "94"]
[EventDate "2023.11.14"]
[EventType "swiss (blitz)"]
[EventRounds "11"]
[EventCountry "USA"]
[SourceTitle "CB47_2023"]
[SourceDate "2023.11.22"]
[SourceVersion "1"]
[SourceVersionDate "2023.11.22"]
[SourceQuality "1"]

1. d4 Nf6 2. c4 a6 3. Nc3 c5 4. d5 b5 5. cxb5 axb5 6. Nxb5 Qa5+ 7. Nc3 Bb7 8. Bd2 Qb6 9. e4 e6 10. dxe6 fxe6 11. Bd3 Nc6 12. Nf3 Nb4 13. Bc4 Nxe4 14. Nxe4 Bxe4 15. 0-0 Bd6 16. Ng5 Bg6 17. Bxb4 cxb4 18. Nxe6 dxe6 19. Bxe6 Ra7 20. Re1 Re7 21. Qa4+ Kf8 22. Qa8+ Re8 23. Qf3+ Ke7 24. Bf7+ Kd7 25. Qg4+ Kd8 26. Bxe8 Rxe8 27. Rxe8+ Bxe8 28. Qxg7 Qc5 29. Qf6+ Kc7 30. Qg7+ Kb6 31. Qh6 Bc6 32. Rd1 Be5 33. Qxh7 Bxb2 34. Qd3 Qc3 35. Qe2 Qg7 36. f3 Bd4+ 37. Kh1 Bc5 38. Qc4 Qe5 39. Rc1 Bb5 40. Qh4 Bd6 41. Qh6 Ka5 42. Rd1 Bc7 43. Qh3 Ka4 44. Qh7 Qe2 45. Rc1 Bf4 46. Qc2+ Qxc2 47. Rxc2 Bd3 0-1

[Event "Fort Lauderdale 1000 GM GM 11"]
[Site "Fort Lauderdale"]
[Date "2023.11.05"]
[Round "7"]
[White "Budisavljevic, Luka"]
[Black "Posthuma, Joshua G"]
[Result "0-1"]
[WhiteElo "2515"]
[BlackElo "2445"]
[PlyCount "50"]
[EventDate "2023.11.02"]
[EventType "tourn"]
[EventRounds "9"]
[EventCountry "USA"]
[EventCategory "8"]
[SourceTitle "CB46_2023"]
[SourceDate "2023.11.15"]
[SourceVersion "1"]
[SourceVersionDate "2023.11.15"]
[SourceQuality "1"]

1. e4 c5 2. Nf3 Nc6 3. Bb5 e5 4. 0-0 Nge7 5. c3 g6 6. d4 exd4 7. cxd4 cxd4 8. Bf4 a6 9. Bc4 Bg7 10. Bd6 b5 11. Bd5 0-0 12. Nbd2 Nxd5 13. Bxf8 Qxf8 14. exd5 Nb4 15. Nb3 d3 16. a3 Nxd5 17. Qxd3 Bb7 18. Na5 Nf4 19. Qxd7 Bxf3 20. gxf3 Bxb2 21. Rad1 Qxa3 22. Qc6 Rb8 23. Nb7 Qe7 24. Kh1 Qxb7 25. Rd8+ Kg7 0-1

[Event "Wch U20 60th"]
[Site "Mexico City"]
[Date "2023.09.29"]
[Round "8"]
[White "Schitco, Ivan"]
[Black "Budisavljevic, Luka"]
[Result "1/2-1/2"]
[WhiteElo "2533"]
[BlackElo "2492"]
[PlyCount "55"]
[EventDate "2023.09.21"]
[EventType "swiss"]
[EventRounds "11"]
[EventCountry "MEX"]
[SourceTitle "EXT 2024"]
[Source "ChessBase"]
[SourceDate "2023.10.10"]
[SourceVersion "1"]
[SourceVersionDate "2023.10.10"]
[SourceQuality "1"]

1. c4 e6 2. Nc3 d5 3. d4 Nf6 4. cxd5 exd5 5. Bg5 Be7 6. e3 h6 7. Bh4 0-0 8. Bd3 Re8 9. Nf3 c6 10. Qc2 Ne4 11. Bxe7 Qxe7 12. Bxe4 dxe4 13. Nd2 Bf5 14. 0-0 Nd7 15. f3 Nf6 16. Rae1 Rad8 17. h3 h5 18. Rf2 Bh7 19. Qa4 b5 20. Qb3 exf3 21. Nxf3 b4 22. Na4 Ne4 23. Rff1 Rd5 24. Qc4 Ng3 25. Rf2 Ne4 26. Rff1 Ng3 27. Rf2 Ne4 28. Rff1 1/2-1/2

[Event "Wch U20 60th"]
[Site "Mexico City"]
[Date "2023.09.23"]
[Round "4"]
[White "Defromont, Benjamin"]
[Black "Budisavljevic, Luka"]
[Result "0-1"]
[WhiteElo "2418"]
[BlackElo "2492"]
[PlyCount "88"]
[EventDate "2023.09.21"]
[EventType "swiss"]
[EventRounds "11"]
[EventCountry "MEX"]
[SourceTitle "EXT 2024"]
[Source "ChessBase"]
[SourceDate "2023.10.10"]
[SourceVersion "1"]
[SourceVersionDate "2023.10.10"]
[SourceQuality "1"]

1. e4 c5 2. Nf3 Nc6 3. Bb5 e6 4. 0-0 Nge7 5. d4 cxd4 6. Nxd4 Qb6 7. Nxc6 dxc6 8. Bc4 Ng6 9. Kh1 Be7 10. f4 0-0 11. e5 Qc7 12. Nc3 b5 13. Bd3 Bb7 14. Qh5 c5 15. Nxb5 Qc6 16. Qe2 Nh4 17. Rg1 c4 18. Bxc4 Bc5 19. Bd2 Bxg1 20. Rxg1 Nf5 21. Bd3 Rfd8 22. Nc3 Qb6 23. b3 Nd4 24. Qh5 g6 25. Qh6 Nf3 26. Rf1 Nxd2 27. f5 exf5 28. Qxd2 Qa5 29. Re1 Rac8 30. Nb1 Qxd2 31. Nxd2 Rxc2 32. Bxc2 Rxd2 33. Bb1 Rxg2 34. Be4 Bxe4 35. Rxe4 Rxh2+ 36. Kxh2 fxe4 37. b4 Kf8 38. b5 Ke7 39. a4 Kd7 40. Kg3 g5 41. a5 Kc7 42. Kf2 g4 43. Kg3 e3 44. e6 fxe6 0-1

[Event "Washington op 10th"]
[Site "Rockville"]
[Date "2023.08.16"]
[Round "9"]
[White "Rahul, Srivatshav P"]
[Black "Budisavljevic, Luka"]
[Result "1-0"]
[WhiteElo "2481"]
[BlackElo "2495"]
[PlyCount "111"]
[EventDate "2023.08.12"]
[EventType "swiss"]
[EventRounds "9"]
[EventCountry "USA"]
[SourceTitle "CBM 215 Extra"]
[Source "ChessBase"]
[SourceDate "2023.09.30"]
[SourceVersion "1"]
[SourceVersionDate "2023.09.30"]
[SourceQuality "1"]

1. d4 Nf6 2. c4 e6 3. Nc3 Bb4 4. g3 0-0 5. Bg2 Bxc3+ 6. bxc3 d6 7. Nf3 Nc6 8. 0-0 e5 9. a4 Re8 10. a5 a6 11. Ra2 h6 12. Qb3 Rb8 13. Rd1 e4 14. Ne1 Qd7 15. Nc2 Qf5 16. Ne3 Qh5 17. Nd5 Nxd5 18. cxd5 Na7 19. c4 Bg4 20. Qe3 f5 21. h4 f4 22. gxf4 Nc8 23. Bxe4 Bf5 24. f3 Qg6+ 25. Kf2 Bxe4 26. fxe4 Rxe4 27. Qd3 Ne7 28. Rg1 Qf5 29. Kf3 Qh5+ 30. Kxe4 Re8 31. Ke3 Nxd5+ 32. Kf2 Nb4 33. Qg3 Re7 34. Rd2 Qxa5 35. Qa3 Qb6 36. Rg3 a5 37. Bb2 d5 38. c5 Qf6 39. Qf3 Qxh4 40. Bc3 Re4 41. e3 Nc6 42. Qg4 Qf6 43. Qg6 Qf8 44. Qxh6 Ne7 45. Qg5 Nf5 46. Rh3 Qf7 47. Rb2 c6 48. Bxa5 Nxe3 49. Rxe3 Rxf4+ 50. Kg2 Rf6 51. Rg3 Qe7 52. Qe5 Re6 53. Qb8+ Kh7 54. Rh3+ Kg6 55. Qg3+ Kf7 56. Rf2+ 1-0

[Event "Washington op 10th"]
[Site "Rockville"]
[Date "2023.08.15"]
[Round "7"]
[White "Brodsky, David"]
[Black "Budisavljevic, Luka"]
[Result "1/2-1/2"]
[WhiteElo "2493"]
[BlackElo "2495"]
[PlyCount "93"]
[EventDate "2023.08.12"]
[EventType "swiss"]
[EventRounds "9"]
[EventCountry "USA"]
[SourceTitle "CBM 215 Extra"]
[Source "ChessBase"]
[SourceDate "2023.09.30"]
[SourceVersion "1"]
[SourceVersionDate "2023.09.30"]
[SourceQuality "1"]

1. e4 e6 2. d4 d5 3. Nc3 Nf6 4. e5 Nfd7 5. f4 c5 6. Nf3 Nc6 7. Be3 a6 8. a3 cxd4 9. Nxd4 Bc5 10. Qd2 g5 11. Nf3 d4 12. Bxd4 Nxd4 13. Nxd4 Nxe5 14. Nb3 Qxd2+ 15. Kxd2 Nd7 16. Nxc5 Nxc5 17. b4 Nd7 18. fxg5 b6 19. Bd3 Bb7 20. Be4 Bxe4 21. Nxe4 Rd8 22. Kc3 h6 23. gxh6 Rxh6 24. Rad1 Ke7 25. Rd2 Rh4 26. Ng5 Rc8+ 27. Kb3 Ne5 28. Re1 f6 29. Ne4 Rxh2 30. Nxf6 Kxf6 31. Rf2+ Ke7 32. Rxe5 Rg8 33. Rfe2 Rg6 34. b5 a5 35. c4 Rhxg2 36. Rxe6+ Rxe6 37. Rxg2 Re3+ 38. Ka4 Kd6 39. Rg6+ Kc7 40. c5 Re4+ 41. Kb3 a4+ 42. Kc3 bxc5 43. Rc6+ Kb7 44. Rxc5 Kb6 45. Rc4 Rxc4+ 46. Kxc4 Ka5 47. Kc5 1/2-1/2

[Event "Washington op 10th"]
[Site "Rockville"]
[Date "2023.08.14"]
[Round "6"]
[White "Budisavljevic, Luka"]
[Black "Antipov, Mikhail Al"]
[Result "1/2-1/2"]
[WhiteElo "2495"]
[BlackElo "2601"]
[PlyCount "24"]
[EventDate "2023.08.12"]
[EventType "swiss"]
[EventRounds "9"]
[EventCountry "USA"]
[SourceTitle "CBM 215 Extra"]
[Source "ChessBase"]
[SourceDate "2023.09.30"]
[SourceVersion "1"]
[SourceVersionDate "2023.09.30"]
[SourceQuality "1"]

1. e4 e5 2. Nf3 Nc6 3. Bb5 Nf6 4. 0-0 Nxe4 5. Re1 Nd6 6. Nxe5 Be7 7. Bf1 Nxe5 8. Rxe5 0-0 9. d4 Bf6 10. Re1 Re8 11. Rxe8+ Nxe8 12. c3 d5 1/2-1/2

[Event "Washington op 10th"]
[Site "Rockville"]
[Date "2023.08.14"]
[Round "5"]
[White "Song, Edward"]
[Black "Budisavljevic, Luka"]
[Result "1-0"]
[WhiteElo "2373"]
[BlackElo "2495"]
[PlyCount "115"]
[EventDate "2023.08.12"]
[EventType "swiss"]
[EventRounds "9"]
[EventCountry "USA"]
[SourceTitle "CBM 215 Extra"]
[Source "ChessBase"]
[SourceDate "2023.09.30"]
[SourceVersion "1"]
[SourceVersionDate "2023.09.30"]
[SourceQuality "1"]

1. e4 c5 2. Nf3 e6 3. d4 cxd4 4. Nxd4 a6 5. h3 Nc6 6. Nxc6 bxc6 7. Bd3 Qc7 8. 0-0 Nf6 9. Nd2 d5 10. Re1 Bd6 11. Qe2 e5 12. exd5 cxd5 13. c4 0-0 14. cxd5 Bb7 15. Nc4 e4 16. Bc2 Bh2+ 17. Kh1 Rac8 18. Ne3 Nxd5 19. Nxd5 Bxd5 20. Bb3 Bxb3 21. axb3 Bd6 22. Qxe4 Qb6 23. Be3 Qb5 24. Red1 Rfe8 25. Qd3 Be5 26. Rxa6 Qxd3 27. Rxd3 Rc2 28. g3 f5 29. Kg2 Rxb2 30. Ra5 f4 31. gxf4 Bf6 32. Rb5 Rc8 33. Rd2 Rb1 34. Ra2 h6 35. b4 Rc4 36. Rb8+ Kh7 37. b5 Kg6 38. b6 Rb5 39. Rba8 Rb3 40. R8a4 Rc6 41. R4a3 Rb1 42. Rd3 Rc4 43. Rd5 Rcb4 44. Rc2 R4b3 45. Rc6 Rb4 46. h4 h5 47. Bd4 Kf7 48. Bxf6 gxf6 49. Rf5 Ke7 50. Rfxf6 Rc4 51. Rh6 Rxc6 52. Rxc6 Rb3 53. Rh6 Kf7 54. Rh7+ Kg6 55. Rb7 Rd3 56. Rb8 Rd7 57. b7 Kg7 58. Rg8+ 1-0

[Event "Washington op 10th"]
[Site "Rockville"]
[Date "2023.08.13"]
[Round "4"]
[White "Budisavljevic, Luka"]
[Black "Fishbein, Alexander"]
[Result "1-0"]
[WhiteElo "2495"]
[BlackElo "2363"]
[PlyCount "62"]
[EventDate "2023.08.12"]
[EventType "swiss"]
[EventRounds "9"]
[EventCountry "USA"]
[SourceTitle "CBM 215 Extra"]
[Source "ChessBase"]
[SourceDate "2023.09.30"]
[SourceVersion "1"]
[SourceVersionDate "2023.09.30"]
[SourceQuality "1"]

1. d4 Nf6 2. c4 g6 3. Nc3 Bg7 4. e4 d6 5. Be2 0-0 6. Nf3 e5 7. 0-0 Bg4 8. d5 a5 9. h3 Bxf3 10. Bxf3 Na6 11. a3 Nc5 12. b3 Nfd7 13. Rb1 f5 14. b4 axb4 15. axb4 Nxe4 16. Bxe4 fxe4 17. Be3 Nf6 18. Ra1 Qd7 19. Rxa8 Rxa8 20. Bg5 Nh5 21. Nxe4 Qf5 22. Re1 Qf8 23. c5 h6 24. Be3 Nf6 25. Nc3 Qf7 26. Qd2 Kh7 27. Rd1 Rd8 28. Qa2 dxc5 29. bxc5 Rd7 30. Kh2 Rd8 31. Rd2 Bf8 1-0

[Event "Washington op 10th"]
[Site "Rockville"]
[Date "2023.08.12"]
[Round "2"]
[White "Budisavljevic, Luka"]
[Black "Clasby, Derek"]
[Result "1-0"]
[WhiteElo "2495"]
[BlackElo "2271"]
[PlyCount "99"]
[EventDate "2023.08.12"]
[EventType "swiss"]
[EventRounds "9"]
[EventCountry "USA"]
[SourceTitle "CBM 215 Extra"]
[Source "ChessBase"]
[SourceDate "2023.09.30"]
[SourceVersion "1"]
[SourceVersionDate "2023.09.30"]
[SourceQuality "1"]

1. Nf3 Nf6 2. c4 e6 3. b3 d5 4. Bb2 c5 5. cxd5 exd5 6. g3 Nc6 7. Bg2 d4 8. 0-0 Be7 9. Na3 0-0 10. Nc4 Be6 11. e3 Rc8 12. Nfe5 Nxe5 13. Nxe5 Qb6 14. Qe2 Rfd8 15. f4 Bd5 16. e4 c4 17. Kh1 c3 18. dxc3 dxc3 19. exd5 cxb2 20. Rad1 Ba3 21. Nc4 Qc5 22. Nxb2 Nxd5 23. Nc4 Bb4 24. Qd3 Rc7 25. Ne5 f6 26. Bxd5+ Kh8 27. Qf5 Rxd5 28. Nf7+ Rxf7 29. Qxd5 Qf8 30. Qd8 Kg8 31. Rf3 Re7 32. Rfd3 Re2 33. Qd5+ Qf7 34. Qxf7+ Kxf7 35. Rd7+ Kg6 36. Rxb7 a5 37. a4 Rb2 38. g4 Bd2 39. Kg2 Bxf4+ 40. Kf3 Bd2 41. h3 Kh6 42. Ke4 Bb4 43. Rdd7 Re2+ 44. Kf3 Rh2 45. Rxg7 Rxh3+ 46. Ke4 f5+ 47. gxf5 Rh4+ 48. Kd5 Rf4 49. Rxh7+ Kg5 50. Rbg7+ 1-0

[Event "Saint Louis Summer-B"]
[Site "Saint Louis"]
[Date "2023.08.02"]
[Round "1"]
[White "Budisavljevic, Luka"]
[Black "Lomasov, Semen"]
[Result "0-1"]
[WhiteElo "2495"]
[BlackElo "2542"]
[PlyCount "100"]
[EventDate "2023.08.02"]
[EventType "tourn"]
[EventRounds "9"]
[EventCountry "USA"]
[EventCategory "11"]
[SourceTitle "CBM 215 Extra"]
[Source "ChessBase"]
[SourceDate "2023.09.30"]
[SourceVersion "1"]
[SourceVersionDate "2023.09.30"]
[SourceQuality "1"]

1. e4 e6 2. d4 d5 3. Nc3 Nf6 4. e5 Nfd7 5. f4 c5 6. Nf3 Nc6 7. Be3 cxd4 8. Nxd4 Qb6 9. Qd2 Qxb2 10. Rb1 Qa3 11. Bb5 Nxd4 12. Bxd4 a6 13. Rb3 Qe7 14. Ba4 Qd8 15. Bb6 Qh4+ 16. g3 Qg4 17. Ne4 Be7 18. Nc5 Bxc5 19. Bxc5 b5 20. Ba3 f6 21. Qb4 Kf7 22. Qe7+ Kg6 23. exf6 Nxf6 24. h3 Qf5 25. Re3 Re8 26. Qc7 e5 27. 0-0 exf4 28. Rxe8 Nxe8 29. Qe7 Qe4 30. Bb3 Bxh3 31. Qxe4+ dxe4 32. Rxf4 Nf6 33. Kf2 Re8 34. c4 Be6 35. Bb2 Bxc4 36. Bc2 Bxa2 37. Bxf6 gxf6 38. Bxe4+ Kf7 39. Rh4 h6 40. Kf3 Re5 41. Kf4 Bd5 42. Bf5 Be6 43. Bd3 h5 44. Rh1 a5 45. Rc1 Ke7 46. Rc7+ Kd6 47. Rb7 Bd7 48. Bg6 a4 49. Rb6+ Bc6 50. Rb8 a3 0-1

[Event "Benasque op 42nd"]
[Site "Benasque"]
[Date "2023.07.12"]
[Round "8"]
[White "Budisavljevic, Luka"]
[Black "Alekseenko, Kirill"]
[Result "0-1"]
[WhiteElo "2488"]
[BlackElo "2674"]
[PlyCount "114"]
[EventDate "2023.07.05"]
[EventType "swiss"]
[EventRounds "9"]
[EventCountry "ESP"]
[SourceTitle "EXT 2024"]
[Source "ChessBase"]
[SourceDate "2023.10.10"]
[SourceVersion "1"]
[SourceVersionDate "2023.10.10"]
[SourceQuality "1"]

1. d4 Nf6 2. c4 e6 3. Nc3 Bb4 4. f3 c5 5. d5 b5 6. e4 0-0 7. e5 Ne8 8. f4 exd5 9. cxd5 d6 10. Nf3 c4 11. a4 Bg4 12. Be2 bxa4 13. 0-0 Nc7 14. Ne4 dxe5 15. d6 Ne6 16. fxe5 Nd7 17. Nfg5 Bxe2 18. Qxe2 Nxe5 19. Nxh7 Kxh7 20. Qh5+ Kg8 21. Qxe5 Qb6+ 22. Kh1 Qd4 23. Nf6+ gxf6 24. Qg3+ Ng5 25. Bxg5 fxg5 26. Qxg5+ Qg7 27. Qd5 Rad8 28. d7 a3 29. bxa3 Bc3 30. Rac1 Rb8 31. Qxc4 Be5 32. Rce1 Rb2 33. Qd5 Bc7 34. Re8 Qf6 35. Qc4 Qg6 36. Rg1 Bd8 37. Re3 Kg7 38. Qd4+ Bf6 39. Qd6 Rb6 40. Qc7 Bd8 41. Qe5+ Bf6 42. Qc7 Rb5 43. Rf1 Rb1 44. Qc4 Rfb8 45. Ref3 Rxf1+ 46. Rxf1 Rb1 47. h3 Qf5 48. Rxb1 Qxb1+ 49. Kh2 Be5+ 50. g3 Qb2+ 51. Kg1 Bd4+ 52. Kh1 Qb1+ 53. Kg2 Qg1+ 54. Kf3 Qe3+ 55. Kg4 Qe4+ 56. Kh5 Qg6+ 57. Kh4 Bf6# 0-1

[Event "Benasque op 42nd"]
[Site "Benasque"]
[Date "2023.07.10"]
[Round "7"]
[White "Hovhannisyan, Robert"]
[Black "Budisavljevic, Luka"]
[Result "1-0"]
[WhiteElo "2607"]
[BlackElo "2488"]
[PlyCount "115"]
[EventDate "2023.07.05"]
[EventType "swiss"]
[EventRounds "9"]
[EventCountry "ESP"]
[SourceTitle "EXT 2024"]
[Source "ChessBase"]
[SourceDate "2023.10.10"]
[SourceVersion "1"]
[SourceVersionDate "2023.10.10"]
[SourceQuality "1"]

1. e4 e6 2. d4 d5 3. Nc3 Nf6 4. Bg5 dxe4 5. Nxe4 Be7 6. Nxf6+ Bxf6 7. Bxf6 Qxf6 8. c3 0-0 9. Qf3 Qxf3 10. Nxf3 b6 11. Ne5 Bb7 12. h4 Rd8 13. Rh3 Nd7 14. Re3 c5 15. Nxd7 cxd4 16. Nxb6 axb6 17. Rd3 dxc3 18. Rxc3 Ra4 19. g3 h6 20. a3 g5 21. hxg5 hxg5 22. Rd1 Re4+ 23. Be2 Rxd1+ 24. Kxd1 Rd4+ 25. Kc2 Be4+ 26. Bd3 Kg7 27. b4 e5 28. Bxe4 Rxe4 29. Re3 Rc4+ 30. Kb3 Rd4 31. Rxe5 Kf6 32. Re3 Kf5 33. f3 g4 34. f4 Rd1 35. a4 f6 36. Kc4 Rc1+ 37. Rc3 Ra1 38. Kb5 Ke4 39. Rb3 Rf1 40. a5 Rf3 41. axb6 Rxb3 42. b7 Rxg3 43. b8Q Rf3 44. Kc4 g3 45. Qg8 Ke3 46. b5 Kf2 47. b6 g2 48. b7 Rxf4+ 49. Kc3 Rf3+ 50. Kd2 g1Q 51. Qxg1+ Kxg1 52. b8Q Kg2 53. Qg8+ Kf1 54. Qg4 Kf2 55. Qh4+ Kf1 56. Qh1+ Kf2 57. Qh2+ Kf1 58. Qe2+ 1-0